Pôsobnosť subjektov Slovenskej republiky v kľúčových medzinárodných ekonomických a vedecko-výskumných organizáciách bakalárska práca

Gespeichert in:
Bibliographische Detailangaben
1. Verfasser: Chalmovianska, Miriam
Körperschaft: Fakulta medzinárodných vzťahov EU. Katedra medzinárodných ekonomických vzťahov a hospodárskej diplomacie
Weitere Verfasser: Lysák, Ladislav
Format: Buch
Sprache:Slowakisch
Veröffentlicht: Bratislava 2011
Tags: Tag hinzufügen
Keine Tags, Fügen Sie das erste Tag hinzu!

MARC

LEADER 00000nbm a2200000 4500
001 0131159
005 20170315102722.2
041 0 |a slo 
044 |a SK 
245 1 0 |a Pôsobnosť subjektov Slovenskej republiky v kľúčových medzinárodných ekonomických a vedecko-výskumných organizáciách  |b bakalárska práca  |c Miriam Chalmovianska ; školiteľ: Ladislav Lysák 
264 1 |a Bratislava  |c 2011 
300 |a 75 s. 
100 1 |a Chalmovianska, Miriam 
700 1 |a Lysák, Ladislav 
710 2 |a Fakulta medzinárodných vzťahov EU. Katedra medzinárodných ekonomických vzťahov a hospodárskej diplomacie